Dlhý augustový deň

Bibliographic Details
Main Author: Slobodník, Dušan, 1927-2001 (Author)
Format: Article
Language:Slovak
PhysicalDescription:Fot. 4.
Subjects:

MARC

LEADER 00000nab a2200000 a 4500
001 vtls000431793
003 SK-MaSNL
005 20260311224921.0
008 160202c1991 xo 0 slo
015 |a SNBRB19rr/mm-uuuuu 
035 |a CL0431921 
040 |a SNKBUCL  |b slo  |c SNKBUCL  |e AACR2 
041 0 |a slo 
044 |a xo  |c SK 
080 |a 323(47)  |2 1981 
100 1 |a Slobodník, Dušan,  |d 1927-2001  |4 aut  |9 103407 
245 1 0 |a Dlhý augustový deň  |c Dušan Slobodník 
300 |b Fot. 4. 
650 0 7 |a vnútorná politika  |2 snkbucl  |9 970 
651 7 |a Československo  |2 snkbucl  |9 21376 
651 7 |a Sovietsky zväz  |2 snkbucl  |9 22126 
655 7 |a články z novín a časopisov  |2 snkbucl  |9 267496 
773 0 |t Literárny týždenník  |g Roč. 4, č. 34 (1991), s. 3 
850 |a Slovenská národná knižnica v Martine  |a MTA001 
852 |a SNK  |b KIS3GCP 
958 |a RK 
958 |a CZ 
999 |c 3263237  |d 3265167